Prístupy k financovaniu dôchodkových systémov v Slovenskej republike a vo vybraných krajinách Európskej únie diplomová práca

Salvato in:
Dettagli Bibliografici
Autore principale: Kellerová, Ľubomíra
Ente Autore: Národohospodárska fakulta EU. Katedra financií
Altri autori: Rievajová, Eva
Natura: Libro
Lingua:slovacco
Pubblicazione: Bratislava 2009
Tags: Aggiungi Tag
Nessun Tag, puoi essere il primo ad aggiungerne!!

MARC

LEADER 00000nam$a2200000$$$4500
001 0096643
005 20240318141457.4
041 0 |a slo 
044 |a SK 
245 1 0 |a Prístupy k financovaniu dôchodkových systémov v Slovenskej republike a vo vybraných krajinách Európskej únie  |b diplomová práca  |c Ľubomíra Kellerová ; škol. Eva Rievajová 
264 1 |a Bratislava  |c 2009 
300 |a 77 s. 
100 1 |a Kellerová, Ľubomíra 
700 1 |a Rievajová, Eva 
710 2 |a Národohospodárska fakulta EU. Katedra financií